000
00330nam a2200121Ia 4500
008
231228s1996 xx 000 0 und d
041
_a
eng
082
_b
DON
100
_a
DONALDSON (Michael) and DONALDSON (mimi)
245
_a
Negotiting for Dummies
260
_a
New Delhi
_b
Moscow Progress Pub. B
_c
1996
300
_a
xxiv, 350
999
_c
1082353
_d
1082353